| 000 | 01499nam a2200337 i 4500 | ||
|---|---|---|---|
| 003 | DO-SdBNP | ||
| 005 | 20250205101056.0 | ||
| 007 | ta | ||
| 008 | 110413s1994 dr a 000 j spa d | ||
| 040 |
_aDO-SdBNP _bspa _cBNPHU _erda |
||
| 082 |
_bF981 _222 |
||
| 110 | 1 |
_aRepública Dominicana. _bSecretaría de Estado de Educación, Bellas Artes y Cultos _923965 |
|
| 245 | 1 | 0 |
_aFundamentos del sistema de supervisión educativa / _cpresentación Jacqueline Malagón L. |
| 264 | 1 |
_aSanto Domingo : _bSecretaría de Estado de Educación, Bellas Artes y Cultos, _bPNUD, _bBanco Mundial _bDe Colores, _c[1994]. |
|
| 300 |
_a40 páginas, _c28 cm. |
||
| 336 |
_2rdacontent _atexto _btxt |
||
| 337 |
_2rdamedia _asin mediación _bn |
||
| 338 |
_2rdacarrier _avolumen _bnc |
||
| 490 | 1 | _aPlan Decenal de Educación | |
| 490 | 1 |
_aSupervisión Educativa _v1 |
|
| 500 | _aDivisión de Descentralización y Control de la Educación. | ||
| 500 | _aDirección General de Supervisión Educativa. | ||
| 500 | _aElaborado dentro del marco del proyecto DOM/91/008 ¨Proyecto de Desarrollo de la Educación Primaria¨ que se ejecuta con préstamo del Banco Mundial. | ||
| 500 | _aAuspiciado por APEC con motivo de la celebración de su XXX aniversario 1964-94. | ||
| 590 | _aInventariado, 2024/ YL | ||
| 700 | 1 |
_aMalagón L., Jacqueline _985027 |
|
| 710 | 1 |
_aPrograma de las Naciones Unidas para el Desarrollo (PNUD) _943540 |
|
| 710 | 1 |
_aBanco Mundial _932071 |
|
| 910 | _aYLockward | ||
| 942 |
_2ddc _cLF2 |
||
| 999 |
_c56096 _d56096 |
||